Online Catalogue and eLibrary

Parani lakdiva wastrabarana (Record no. 5172)

MARC details
000 -LEADER
fixed length control field 00415nam a2200157Ia 4500
005 - DATE AND TIME OF LATEST TRANSACTION
control field 20250701162329.0
008 - FIXED-LENGTH DATA ELEMENTS--GENERAL INFORMATION
fixed length control field 240331s9999 xx 000 0 und d
020 ## - INTERNATIONAL STANDARD BOOK NUMBER
ISBN 9555515298
082 ## - DDC Classification
Item Number - Author Mark AMA
Class No. 646
100 ## - MAIN ENTRY--PERSONAL NAME
Personal name Amarasinghe,M
245 #0 - TITLE STATEMENT
Title Parani lakdiva wastrabarana
260 ## - PUBLICATION, DISTRIBUTION, ETC.
Place of publication, distribution, etc. Colombo
Name of publisher, distributor, etc. Dayawansa Jayakody & Company
300 ## - PHYSICAL DESCRIPTION
Extent (e.g. Volumes, Pages etc.) 207 p .,
500 ## - GENERAL NOTE
General note A book on Costumes of Ancient Sri Lanka
942 ## - Koha item type (Biblio)
Koha item type Books in Stacks (Lending)
Holdings
Lost status Damaged status Collection code Home library Current library Shelving location Date acquired Full call number Accession Number Item type
    Lending WERC Library WERC Library Social Science Cupboard 03/31/2024 646.3 AMA 6177 Books in Stacks (Lending)

© WERC Library